LIBRARY & INFORMATION CENTRE, KCAET, TAVANUR

ONLINE PUBLIC ACCESS CATALOGUE (OPAC)

Sur panchratn / (Record no. 8088)

MARC details
000 -LEADER
fixed length control field 00474cam a2200193ua 4500
041 ## - LANGUAGE CODE
Language code of text/sound track or separate title hin
082 ## - DEWEY DECIMAL CLASSIFICATION NUMBER
Classification number 891.54
Item number BHA/SU
100 ## - MAIN ENTRY--AUTHOR NAME
Personal name Bhagvandin, Din .
245 ## - TITLE STATEMENT
Title Sur panchratn /
250 ## - EDITION STATEMENT
Edition statement 1 /
260 ## - PUBLICATION, DISTRIBUTION, ETC. (IMPRINT)
Place of publication Ilahabad :
Name of publisher Ram Narayan Lal Beni Madhav ,
Year of publication 1962.
300 ## - PHYSICAL DESCRIPTION
Number of Pages 189 ; .
700 1# - ADDED ENTRY--PERSONAL NAME
Personal name Mohan Vallab, Pant .
942 ## - ADDED ENTRY ELEMENTS (KOHA)
Koha item type Books
Holdings
Withdrawn status Lost status Damaged status Home library Current library Date acquired Full call number Accession Number Koha item type Public note
Withdrawn     KAUAET Sanskrit University 07/04/2012 891.54 6421 Books Transferred to Sanskrit University
free website counter